[Event "25th Hoogeveen op"]
[Site "Hoogeveen NED"]
[Date "2022.10.16"]
[Round "2.42"]
[White "Nijdam, Brian"]
[Black "Van den Dool, Gerrit"]
[Result "1-0"]
[WhiteElo "1877"]
[BlackElo "1570"]
[EventDate "2022.10.15"]
[PlyCount "57"]

1.e4 c6 2.d4 Nf6 3.Nc3 d6 4.f4 Bg4 5.Nf3 b5 6.e5 b4 7.exf6 bxc3 8.fxg7 
Bxg7 9.bxc3 Nd7 10.Be2 Qa5 11.Bd2 Rb8 12.O-O Nf6 13.Ng5 Bxe2 14.Qxe2 h6 
15.Rfe1 O-O 16.Ne4 Nxe4 17.Qxe4 d5 18.Qd3 e6 19.Re3 c5 20.Rg3 f5 21.Qe3 
cxd4 22.cxd4 Qb6 23.Re1 Rf6 24.a3 Kf7 25.Bb4 Rc8 26.Bc5 Qb2 27.Qe2 Rc6 28.
Qh5+ Kg8 29.Qe8+ 1-0

[Event "25th Hoogeveen op"]
[Site "Hoogeveen NED"]
[Date "2022.10.16"]
[Round "2.43"]
[White "Borggreve, Martin"]
[Black "Wage, Sander"]
[Result "0-1"]
[WhiteElo "1534"]
[BlackElo "1863"]
[EventDate "2022.10.15"]
[PlyCount "96"]

1.f4 d5 2.Nf3 Nf6 3.g3 e6 4.Bg2 c5 5.d3 Nc6 6.c3 Be7 7.Qc2 O-O 8.O-O Qc7 
9.h3 Nh5 10.Kh2 e5 11.e3 f5 12.Nxe5 Nxe5 13.Bxd5+ Nf7 14.Qe2 Nf6 15.Bg2 
Be6 16.e4 c4 17.d4 fxe4 18.Bxe4 Nxe4 19.Qxe4 Qc6 20.Qxc6 bxc6 21.Re1 Nd8 
22.Nd2 Bf6 23.Ne4 Bd5 24.Bd2 Rb8 25.Rab1 Nf7 26.Nc5 Rfe8 27.Nd7 Rxe1 28.
Bxe1 Re8 29.Nxf6+ gxf6 30.Kg1 Rb8 31.g4 Be4 32.Rd1 Rxb2 33.Rd2 Rb1 34.Kf2 
Nd6 35.Re2 Bd3 36.Re3 Rb2+ 37.Kf3 Be4+ 38.Kg3 Rxa2 39.f5 Kf7 40.Kf4 h6 41.
Bg3 Ra1 42.g5 hxg5+ 43.Kg4 Bxf5+ 44.Kh5 Bg6+ 45.Kg4 Nf5 46.Rf3 Rg1 47.Rxf5
Bxf5+ 48.Kxf5 Rxg3 0-1

[Event "25th Hoogeveen op"]
[Site "Hoogeveen NED"]
[Date "2022.10.16"]
[Round "2.44"]
[White "Pouw, Marcel"]
[Black "Tabak, Wesley"]
[Result "1-0"]
[WhiteElo "1862"]
[BlackElo "1506"]
[EventDate "2022.10.15"]
[PlyCount "89"]

1.d4 Nf6 2.Nf3 e6 3.g3 d5 4.Bg2 Be7 5.O-O O-O 6.a3 c5 7.dxc5 Bxc5 8.c4 
dxc4 9.Qc2 Qc7 10.Bf4 Bd6 11.Bxd6 Qxd6 12.Qxc4 Nbd7 13.Nc3 Nb6 14.Qb3 Bd7 
15.Rfd1 Qe7 16.Ne5 Rab8 17.a4 Rfd8 18.a5 Nbd5 19.Nxd5 Nxd5 20.Nxd7 Rxd7 
21.Bxd5 Rxd5 22.Rxd5 exd5 23.e3 Qc5 24.Ra4 g6 25.Kg2 b6 26.Rd4 Rd8 27.axb6
axb6 28.Qd3 Qc1 29.b3 Qc6 30.e4 Rd6 31.exd5 Qd7 32.h4 h5 33.Qe4 b5 34.Qe5 
Kh7 35.f3 Kg8 36.g4 hxg4 37.fxg4 f6 38.Qe4 Kg7 39.h5 gxh5 40.gxh5 Qf7 41.
Qf5 Qe8 42.Re4 Qf7 43.Rg4+ Kf8 44.Qc8+ Qe8 45.Rg8+ 1-0

[Event "25th Hoogeveen op"]
[Site "Hoogeveen NED"]
[Date "2022.10.16"]
[Round "2.45"]
[White "Vasse, Albert"]
[Black "Rellum, Theo"]
[Result "1-0"]
[WhiteElo "1844"]
[BlackElo "1456"]
[EventDate "2022.10.15"]
[PlyCount "25"]

1.e4 e5 2.Nf3 Nc6 3.c3 g6 4.d4 exd4 5.cxd4 Bb4+ 6.Nc3 Nf6 7.Bd3 O-O 8.d5 
Na5 9.O-O d6 10.Ne2 Bg4 11.a3 Bxf3 12.gxf3 Bc5 13.b4 1-0

[Event "25th Hoogeveen op"]
[Site "Hoogeveen NED"]
[Date "2022.10.16"]
[Round "2.46"]
[White "Van de Mheen, Steven"]
[Black "Niemeijer, Leon"]
[Result "0-1"]
[WhiteElo "1473"]
[BlackElo "1841"]
[EventDate "2022.10.15"]
[PlyCount "110"]

1.e4 e6 2.d4 d5 3.exd5 exd5 4.Nf3 Nc6 5.Bf4 Bd6 6.Bxd6 Qxd6 7.c3 Bg4 8.Be2
Nge7 9.h3 Bf5 10.Bd3 Bxd3 11.Qxd3 Qe6+ 12.Qe2 Qxe2+ 13.Kxe2 O-O-O 14.Re1 
f6 15.Nbd2 Rhe8 16.Kd3 Nf5 17.g4 Nd6 18.Rxe8 Rxe8 19.Re1 Ne7 20.b3 Kd7 21.
c4 dxc4+ 22.bxc4 c6 23.Rb1 Ng6 24.c5 Nf4+ 25.Kc2 Nb5 26.Rb3 Nxh3 27.a4 Nc7
28.Rxb7 Kc8 29.Rb1 Nxf2 30.g5 Ne4 31.gxf6 Nxd2 32.Kxd2 gxf6 33.Rh1 Re7 34.
Nh4 Ne8 35.Nf5 Rf7 36.Re1 Kd7 37.Kd3 h5 38.Rh1 Rh7 39.Ke4 Nc7 40.Ne3 Ke6 
41.Ng2 f5+ 42.Kf3 Nd5 43.a5 Kf6 44.Ke2 Kg5 45.Kf3 h4 46.Rg1 Kf6 47.Nf4 
Nxf4 48.Kxf4 h3 49.Rh1 h2 50.a6 Ke6 51.Kg5 Kd5 52.Kxf5 Kxd4 53.Kg4 Kxc5 
54.Kg3 Kb6 55.Kg2 c5 0-1

[Event "25th Hoogeveen op"]
[Site "Hoogeveen NED"]
[Date "2022.10.16"]
[Round "2.47"]
[White "Hartgers, Leendert"]
[Black "Munkhbat, Munkh-Orgil"]
[Result "1-0"]
[WhiteElo "1840"]
[BlackElo "1317"]
[EventDate "2022.10.15"]
[PlyCount "83"]

1.e4 c5 2.d3 g6 3.Nf3 Bg7 4.g3 d6 5.Bg2 Nf6 6.O-O O-O 7.Nbd2 Nc6 8.h3 Bd7 
9.c3 Ne8 10.Qb3 Qc8 11.Kh2 Rb8 12.a4 Be6 13.Qd1 a6 14.a5 Qc7 15.Qa4 h6 16.
Re1 Bd7 17.Qa3 Be6 18.Nf1 Qd8 19.Be3 Nc7 20.d4 cxd4 21.cxd4 Nb5 22.Qa4 d5 
23.e5 Bf5 24.N1d2 f6 25.Nb3 Bc2 26.Nfd2 e6 27.Rac1 Bxb3 28.Nxb3 fxe5 29.
Nc5 exd4 30.Nxe6 Qxa5 31.Qxa5 Nxa5 32.Bf4 Rbd8 33.Nxf8 Kxf8 34.Bc7 Nxc7 
35.Rxc7 d3 36.Ree7 Bxb2 37.Rf7+ Kg8 38.Rfe7 Nc6 39.Bxd5+ Kf8 40.Rf7+ Kg8 
41.Rg7+ Kf8 42.Rg8# 1-0

[Event "25th Hoogeveen op"]
[Site "Hoogeveen NED"]
[Date "2022.10.16"]
[Round "2.48"]
[White "Bellamy, Linda"]
[Black "Abma, Klaas"]
[Result "0-1"]
[WhiteElo "1401"]
[BlackElo "1835"]
[EventDate "2022.10.15"]
[PlyCount "120"]

1.e4 e5 2.Nf3 Nf6 3.Nxe5 d6 4.Nf3 Nxe4 5.d4 d5 6.Bd3 Bd6 7.O-O O-O 8.c4 c6
9.c5 Bc7 10.Nbd2 f5 11.Ne5 Bxe5 12.dxe5 Qe7 13.b4 Nd7 14.f4 a5 15.Qb3 axb4
16.Nxe4 fxe4 17.Bxe4 Nxc5 18.Bxd5+ cxd5 19.Qxd5+ Be6 20.Qf3 Rxa2 21.Rxa2 
Bxa2 22.Bb2 Be6 23.g4 Bd7 24.f5 Bc6 25.f6 Qd7 26.e6 Qxe6 27.Qf5 Qxf5 28.
gxf5 gxf6 29.Bd4 Ne4 30.Rb1 b3 31.Rxb3 Kf7 32.Rh3 Rg8+ 33.Kf1 Kg7 34.Rh4 
h6 35.Rg4+ Kh7 36.Rf4 Rd8 37.Be3 Nd2+ 38.Kf2 Ne4+ 39.Ke1 Ra8 40.Rh4 Ng5 
41.Rf4 Ra1+ 42.Ke2 Ra2+ 43.Kd3 Be4+ 44.Kd4 Rxh2 45.Rf1 Ra2 46.Bxg5 Ra4+ 
47.Kc5 hxg5 48.Kd6 Kg7 49.Ke7 Ra5 50.Re1 Re5+ 51.Kd6 Bxf5 52.Rc1 b5 53.
Rc7+ Kg6 54.Rb7 Be4 55.Rb8 Kf5 56.Rg8 Bd3 57.Kc7 b4 58.Rb8 Rb5 59.Rd8 b3 
60.Rxd3 b2 0-1

[Event "25th Hoogeveen op"]
[Site "Hoogeveen NED"]
[Date "2022.10.16"]
[Round "2.49"]
[White "Godding, Mick"]
[Black "Dokter, Lars"]
[Result "1-0"]
[WhiteElo "1831"]
[BlackElo "1150"]
[EventDate "2022.10.15"]
[PlyCount "45"]

1.e4 g6 2.d4 Bg7 3.f4 d6 4.Nf3 c5 5.c3 cxd4 6.cxd4 Nf6 7.Nc3 O-O 8.Be2 d5 
9.e5 Ne4 10.O-O Nxc3 11.bxc3 f6 12.a4 a5 13.Ba3 fxe5 14.Nxe5 Nc6 15.Qb3 
Bxe5 16.fxe5 Rxf1+ 17.Rxf1 Be6 18.Qxb7 Rc8 19.Bb5 Qc7 20.Bxc6 Qxc6 21.Qxe7
Qe8 22.Rf8+ Qxf8 23.Qxe6+ 1-0

[Event "25th Hoogeveen op"]
[Site "Hoogeveen NED"]
[Date "2022.10.16"]
[Round "2.50"]
[White "Tawfiq, Abdul Karim"]
[Black "Land, Marc"]
[Result "0-1"]
[WhiteElo "1777"]
[BlackElo "1826"]
[EventDate "2022.10.15"]
[PlyCount "136"]

1.d4 e6 2.e4 d5 3.e5 c5 4.c3 Qb6 5.Nf3 Nc6 6.b3 cxd4 7.Bb2 dxc3 8.Bxc3 Bc5
9.Qc2 Nh6 10.Bd3 d4 11.Bd2 Ng4 12.Bf4 Nb4 13.Qe2 Bd7 14.Nbd2 Nxd3+ 15.Qxd3
Bb5 16.Nc4 Qa6 17.O-O h5 18.h3 Nh6 19.Rfc1 Nf5 20.a4 Bxc4 21.Qxc4 Qxc4 22.
Rxc4 Be7 23.Nxd4 Nxd4 24.Rxd4 Rc8 25.Rb1 g5 26.Be3 Rc7 27.Rbd1 b6 28.Rc1 
Rxc1+ 29.Bxc1 Rg8 30.Rc4 Kd7 31.Be3 Rc8 32.Rxc8 Kxc8 33.Kf1 Kc7 34.Ke2 Kc6
35.f4 gxf4 36.Bxf4 Kc5 37.Bd2 Kd4 38.g3 Bd8 39.g4 hxg4 40.hxg4 Kxe5 41.Kf3
f6 42.Bc3+ Kd5 43.Ke3 a6 44.Kd3 b5 45.a5 e5 46.Ke3 Be7 47.Kd3 Bc5 48.Bd2 
e4+ 49.Ke2 Bd6 50.Ke3 Be5 51.Ke2 Bd4 52.Bb4 Bc5 53.Bc3 Be7 54.Ke3 Bc5+ 55.
Ke2 Bd4 56.Bb4 Ke5 57.Be7 Kf4 58.b4 Kxg4 59.Bc5 Be5 60.Kf2 f5 61.Ke2 f4 
62.Bb6 f3+ 63.Kf1 Bg3 64.Be3 Bf4 65.Bc5 e3 66.Bd4 e2+ 67.Ke1 Bg3+ 68.Bf2 
Kh3 0-1

[Event "25th Hoogeveen op"]
[Site "Hoogeveen NED"]
[Date "2022.10.17"]
[Round "3.1"]
[White "Moroni, Luca jr"]
[Black "Heemskerk, Wim"]
[Result "1-0"]
[WhiteElo "2573"]
[BlackElo "2142"]
[EventDate "2022.10.15"]
[PlyCount "69"]

1.d4 Nf6 2.c4 e6 3.Nc3 d5 4.cxd5 exd5 5.Bg5 Be7 6.e3 O-O 7.Bd3 h6 8.Bf4 c5
9.Nge2 Nc6 10.O-O Be6 11.Rc1 Rc8 12.Bb1 Re8 13.h3 a6 14.dxc5 Bxc5 15.Nxd5 
Qxd5 16.Qxd5 Bxd5 17.Rxc5 Be4 18.Nc3 Bxb1 19.Rxb1 Rcd8 20.b4 Rd3 21.a4 Nd7
22.Rd5 Rxc3 23.Rxd7 Re7 24.Rd5 Re4 25.b5 axb5 26.axb5 Na5 27.b6 Nc6 28.Rd7
Na5 29.Rb5 Ra4 30.Rd8+ Kh7 31.Ra8 Rca3 32.Ra7 Kg6 33.h4 Kh7 34.h5 Ra2 35.
Rc5 1-0

[Event "25th Hoogeveen op"]
[Site "Hoogeveen NED"]
[Date "2022.10.17"]
[Round "3.2"]
[White "Holinka, Henning"]
[Black "Ernst, Sipke"]
[Result "1/2-1/2"]
[WhiteElo "2245"]
[BlackElo "2532"]
[EventDate "2022.10.15"]
[PlyCount "100"]

1.e4 e6 2.d4 d5 3.Nc3 Bb4 4.Ne2 dxe4 5.a3 Bxc3+ 6.Nxc3 Nc6 7.d5 exd5 8.
Qxd5 Be6 9.Qxe4 Nf6 10.Qh4 Qe7 11.Be2 Bg4 12.Be3 Bxe2 13.Nxe2 O-O-O 14.O-O
Nd5 15.Qxe7 Ncxe7 16.Bd4 Nf5 17.Rad1 Nf4 18.Nxf4 Nxd4 19.c3 Nb3 20.Rfe1 
Nd2 21.f3 Rd6 22.Kf2 Rhd8 23.Ke2 b5 24.Nh5 g6 25.Ng3 f5 26.Nf1 Nc4 27.Rxd6
Rxd6 28.b3 Nxa3 29.Ra1 b4 30.cxb4 Nb5 31.Ne3 Nd4+ 32.Kf2 a6 33.Nc4 Re6 34.
Kg3 Nc2 35.Ra4 Ne1 36.h4 Nd3 37.Kh3 h5 38.Ra5 Nxb4 39.g4 fxg4+ 40.fxg4 
hxg4+ 41.Kxg4 Nd3 42.Kg5 Kb7 43.Rd5 Ne1 44.Ne5 c6 45.Ra5 Rxe5+ 46.Rxe5 
Nf3+ 47.Kxg6 Nxe5+ 48.Kf6 Ng4+ 49.Kg5 Ne5 50.Kf6 Ng4+ 1/2-1/2

[Event "25th Hoogeveen op"]
[Site "Hoogeveen NED"]
[Date "2022.10.17"]
[Round "3.3"]
[White "Mellema, Andries"]
[Black "Bharath, Subramaniyam H"]
[Result "0-1"]
[WhiteElo "2155"]
[BlackElo "2495"]
[EventDate "2022.10.15"]
[PlyCount "128"]

1.e4 c5 2.Nf3 d6 3.d4 cxd4 4.Nxd4 Nf6 5.Nc3 a6 6.h3 e5 7.Nde2 h5 8.Bg5 Be6
9.Bxf6 Qxf6 10.Nd5 Qd8 11.Nec3 g6 12.Bc4 Bh6 13.Bb3 Nc6 14.Ne2 Rc8 15.O-O 
O-O 16.f4 Bxd5 17.Bxd5 Qb6+ 18.Kh1 exf4 19.Nxf4 Bxf4 20.Rxf4 Qxb2 21.Rb1 
Qe5 22.Qf1 Rc7 23.Rb3 Nd4 24.Re3 Kg7 25.c3 Ne6 26.Rff3 Rfc8 27.h4 b5 28.a3
Nd8 29.Qe1 a5 30.Rd3 Ne6 31.Qf1 Rb8 32.Rd2 Nd8 33.Rdf2 Rxc3 34.Rxc3 Qxc3 
35.Bxf7 Rc8 36.Bd5 Qc1 37.Qxc1 Rxc1+ 38.Kh2 Rc3 39.Rb2 Rc5 40.Rf2 b4 41.
axb4 axb4 42.Ra2 Nc6 43.Rb2 Ne7 44.Rxb4 Nxd5 45.exd5 Rxd5 46.g4 hxg4 47.
Kg3 Kf6 48.Kxg4 Rf5 49.Rb8 Ke7 50.Rb7+ Ke6 51.Rg7 Rf6 52.Kg5 d5 53.Ra7 Ke5
54.Re7+ Re6 55.Rxe6+ Kxe6 56.Kxg6 d4 57.h5 d3 58.h6 d2 59.h7 d1=Q 60.h8=Q 
Qg4+ 61.Kh6 Qh4+ 62.Kg7 Qg5+ 63.Kf8 Qe7+ 64.Kg8 Qf7# 0-1

[Event "25th Hoogeveen op"]
[Site "Hoogeveen NED"]
[Date "2022.10.17"]
[Round "3.4"]
[White "De Winter, Arthur"]
[Black "Shakhverdian, William"]
[Result "1/2-1/2"]
[WhiteElo "2390"]
[BlackElo "2123"]
[EventDate "2022.10.15"]
[PlyCount "75"]

1.e4 e5 2.Nc3 Nc6 3.Bc4 Nf6 4.d3 Bb4 5.Bg5 h6 6.Bh4 d6 7.Ne2 Na5 8.a3 
Bxc3+ 9.Nxc3 Nxc4 10.dxc4 Be6 11.Qd3 g5 12.Bg3 Qd7 13.c5 O-O 14.O-O-O Rfd8
15.h4 Qe7 16.hxg5 hxg5 17.Qe3 Ng4 18.Qe2 Kg7 19.cxd6 cxd6 20.Qd2 f6 21.f3 
Nh6 22.Bf2 Nf7 23.g3 b6 24.f4 Bg4 25.Nd5 Qb7 26.fxg5 fxg5 27.Rde1 Rh8 28.
Be3 Rxh1 29.Rxh1 Bf3 30.Rf1 Bxe4 31.Nf6 Rh8 32.Bxg5 Bg2 33.Rg1 Bf3 34.Bh4 
Qc6 35.Rf1 Rxh4 36.gxh4 Kxf6 37.Qe3 e4 38.Qf4+ 1/2-1/2

[Event "25th Hoogeveen op"]
[Site "Hoogeveen NED"]
[Date "2022.10.17"]
[Round "3.5"]
[White "Maatman, Nick"]
[Black "Hummel, Paul"]
[Result "0-1"]
[WhiteElo "2341"]
[BlackElo "2120"]
[EventDate "2022.10.15"]
[PlyCount "118"]

1.d4 Nf6 2.c4 e6 3.Nf3 b6 4.a3 Bb7 5.Nc3 d5 6.Bg5 Be7 7.Bxf6 Bxf6 8.cxd5 
exd5 9.Qa4+ c6 10.e4 dxe4 11.Nxe4 O-O 12.Bd3 c5 13.O-O Bxd4 14.Nxd4 Qxd4 
15.Qxd4 cxd4 16.Nd6 Bd5 17.Nf5 Nc6 18.Bb5 Kh8 19.Rfd1 g6 20.Nxd4 Rac8 21.
Ba6 Rcd8 22.Rac1 Nxd4 23.Rxd4 Bb3 24.Rb4 Be6 25.h4 Rfe8 26.Rc7 Rd7 27.Rxd7
Bxd7 28.Rc4 Re1+ 29.Kh2 Rb1 30.Rc2 Be6 31.Kg3 Kg7 32.Kf4 h6 33.g3 Kf6 34.
Ke3 g5 35.hxg5+ hxg5 36.Bd3 Re1+ 37.Kd2 Re5 38.Rc7 Rd5 39.Ke3 Rd7 40.Rxd7 
Bxd7 41.Kd4 Bc6 42.b4 Ke7 43.Be4 Bxe4 44.Kxe4 Ke6 45.b5 f5+ 46.Kd4 g4 47.
Ke3 Ke5 48.f3 gxf3 49.Kxf3 Ke6 50.Kf4 Kf6 51.a4 Ke6 52.Kg5 Ke5 53.Kg6 f4 
54.gxf4+ Kxf4 55.Kf6 Ke4 56.Ke6 Kd4 57.Kf5 Kc4 58.a5 bxa5 59.Ke4 a4 0-1

[Event "25th Hoogeveen op"]
[Site "Hoogeveen NED"]
[Date "2022.10.17"]
[Round "3.6"]
[White "Weihrauch, Jakob"]
[Black "Ashwath, R."]
[Result "1/2-1/2"]
[WhiteElo "2075"]
[BlackElo "2340"]
[EventDate "2022.10.15"]
[PlyCount "56"]

1.e4 e5 2.Nf3 Nc6 3.Bb5 a6 4.Ba4 d6 5.c4 Bd7 6.Bxc6 Bxc6 7.Nc3 Nf6 8.Qc2 
Qd7 9.O-O g6 10.d4 exd4 11.Nxd4 Bg7 12.h3 O-O 13.Nxc6 Qxc6 14.Nd5 Rfe8 15.
Bg5 Nxd5 16.exd5 Qd7 17.a4 h6 18.Be3 Qe7 19.Qb3 c5 20.a5 Rab8 21.Rab1 Qc7 
22.Qa4 Re4 23.Rfc1 f5 24.Bd2 Qf7 25.b4 Bd4 26.Bc3 Rbe8 27.Bxd4 cxd4 28.Qb3
Rd8 1/2-1/2

[Event "25th Hoogeveen op"]
[Site "Hoogeveen NED"]
[Date "2022.10.17"]
[Round "3.7"]
[White "Elgersma, Onno"]
[Black "Hari, Charan Sai Kalluri"]
[Result "1-0"]
[WhiteElo "2309"]
[BlackElo "1981"]
[EventDate "2022.10.15"]
[PlyCount "107"]

1.e4 e5 2.Nf3 Nc6 3.Bb5 f5 4.d3 fxe4 5.dxe4 Nf6 6.O-O d6 7.Nc3 Be7 8.h3 
O-O 9.a4 Kh8 10.Bc4 Qe8 11.a5 a6 12.Be3 Nh5 13.Nd5 Bd8 14.Kh1 Qg6 15.Bd3 
Nf4 16.Nxf4 exf4 17.Bd2 Qh6 18.Bc3 Ne5 19.Nxe5 dxe5 20.Qf3 Bf6 21.Bb4 Re8 
22.Bc4 Be6 23.Bxe6 Rxe6 24.Rad1 Be7 25.Bxe7 Rxe7 26.Rd5 Qc6 27.Qd3 h6 28.
Rd1 Kh7 29.c4 Rf8 30.f3 Rf6 31.b3 Rfe6 32.Qc3 b6 33.Qb4 Kg6 34.Qa3 Qb7 35.
Kh2 Kf6 36.R1d3 Kf7 37.Rd8 Re8 38.R8d7+ R8e7 39.R7d5 Rg6 40.Qb2 Rge6 41.
Qf2 Rg6 42.Qe1 Qc6 43.Rd8 Qc5 44.R3d5 Qa3 45.axb6 cxb6 46.Qd2 Rge6 47.b4 
Qa4 48.c5 bxc5 49.bxc5 Qb5 50.Qa2 Qb4 51.Rxe5 Qe1 52.Rf5+ Kg6 53.Rxf4 h5 
54.Rd6 1-0

[Event "25th Hoogeveen op"]
[Site "Hoogeveen NED"]
[Date "2022.10.17"]
[Round "3.8"]
[White "Sevcikova, Lucia"]
[Black "De Boer, Eelke"]
[Result "0-1"]
[WhiteElo "1931"]
[BlackElo "2295"]
[EventDate "2022.10.15"]
[PlyCount "74"]

1.d4 Nf6 2.c4 g6 3.Nc3 Bg7 4.e4 d6 5.Bd3 O-O 6.Nge2 e5 7.d5 Nh5 8.O-O f5 
9.exf5 gxf5 10.f4 e4 11.Bc2 c5 12.dxc6 bxc6 13.Be3 Nf6 14.h3 Be6 15.Bb3 
Qd7 16.Nd4 Bf7 17.Rf2 Na6 18.Rd2 Rac8 19.Nce2 Nc5 20.Ng3 Bg6 21.Ndxf5 Nd3 
22.Nxd6 Nd5 23.cxd5 Qxd6 24.dxc6+ Kh8 25.Qg4 Bd4 26.Bxd4+ Qxd4+ 27.Kh2 e3 
28.Re2 Nxf4 29.Rd1 Qe5 30.Rde1 Nxe2 31.Qxe2 Rce8 32.Qa6 Rf2 33.Qxa7 Be4 
34.Rg1 Bxc6 35.Qb6 Rf6 36.Qb4 e2 37.Re1 Rf2 0-1

[Event "25th Hoogeveen op"]
[Site "Hoogeveen NED"]
[Date "2022.10.17"]
[Round "3.9"]
[White "Hovhannisyan, Robert"]
[Black "Brouwer, Tim"]
[Result "1-0"]
[WhiteElo "2601"]
[BlackElo "1443"]
[EventDate "2022.10.15"]
[PlyCount "87"]

1.e4 e5 2.Nf3 Nc6 3.Bb5 a6 4.Ba4 Nf6 5.Nc3 Bc5 6.O-O O-O 7.Bxc6 bxc6 8.
Nxe5 Bd4 9.Ng4 Bxc3 10.dxc3 Nxe4 11.f3 Ng5 12.Qd2 Ne6 13.b3 d6 14.c4 c5 
15.Bb2 Qg5 16.Qxg5 Nxg5 17.Ne3 Re8 18.Nd5 Ra7 19.Rfe1 Ne6 20.Rad1 Bd7 21.
Kf2 a5 22.a4 Kf8 23.g4 Nd8 24.Rxe8+ Bxe8 25.Re1 Bc6 26.h4 Ne6 27.Kg3 Bb7 
28.f4 c6 29.Ne3 d5 30.f5 Nc7 31.f6 g6 32.Rd1 Ra8 33.Ba3 Ne6 34.cxd5 cxd5 
35.Nxd5 Rd8 36.c4 Ke8 37.Bb2 Ba8 38.Be5 Rd7 39.Rd3 Rb7 40.g5 Kf8 41.Nc7 
Nxc7 42.Rd8+ Ne8 43.Bd6+ Kg8 44.Rxe8# 1-0

[Event "25th Hoogeveen op"]
[Site "Hoogeveen NED"]
[Date "2022.10.17"]
[Round "3.10"]
[White "Van der Hagen, Loek"]
[Black "Romanov, Evgeny"]
[Result "0-1"]
[WhiteElo "2079"]
[BlackElo "2593"]
[EventDate "2022.10.15"]
[PlyCount "138"]

1.e4 c5 2.Nf3 e6 3.d4 cxd4 4.Nxd4 a6 5.Nc3 b5 6.Be3 Bb7 7.f3 Nf6 8.Qd2 b4 
9.Na4 d5 10.e5 Nfd7 11.f4 Qa5 12.b3 Nc6 13.Qf2 Rb8 14.Bd3 Nxd4 15.Bxd4 Bc6
16.Nb2 Bc5 17.O-O O-O 18.Bxc5 Nxc5 19.f5 exf5 20.Qxf5 g6 21.Qf6 Qc7 22.
Rae1 Rbe8 23.Qf2 Nd7 24.Bxa6 Nxe5 25.Be2 Bb7 26.Rc1 d4 27.Nc4 Nc6 28.Rce1 
Ra8 29.Ra1 Rad8 30.Rad1 Rd5 31.Qf4 Qe7 32.Bf3 Rdd8 33.Rfe1 Qc5 34.Kh1 Ba8 
35.h3 Rfe8 36.Rxe8+ Rxe8 37.Qd6 Qxd6 38.Nxd6 Re5 39.Nc4 Re7 40.a3 bxa3 41.
Nxa3 Ra7 42.Nb5 Ra2 43.Bxc6 Bxc6 44.Nxd4 Be4 45.Rd2 f5 46.Kg1 Kf7 47.Kf2 
Kf6 48.Ke3 Ra1 49.Re2 h5 50.c4 Rd1 51.Nf3 Rd3+ 52.Kf2 g5 53.Nd2 Bb7 54.b4 
g4 55.hxg4 hxg4 56.b5 g3+ 57.Kf1 Rc3 58.Kg1 Rc1+ 59.Nf1 f4 60.Rd2 Rxc4 61.
Rd7 Be4 62.Rd1 Kf5 63.b6 Rb4 64.Rd6 Rb1 65.Rd8 Bb7 66.Rf8+ Kg5 67.Rg8+ Kh6
68.Rf8 Rb2 69.Rxf4 Rxg2+ 0-1

[Event "25th Hoogeveen op"]
[Site "Hoogeveen NED"]
[Date "2022.10.17"]
[Round "3.11"]
[White "Zwirs, Nico"]
[Black "Van Foreest, Machteld"]
[Result "1-0"]
[WhiteElo "2481"]
[BlackElo "2118"]
[EventDate "2022.10.15"]
[PlyCount "77"]

1.e4 c5 2.Nf3 e6 3.d4 cxd4 4.Nxd4 Nf6 5.Nc3 Nc6 6.a3 Be7 7.Be2 O-O 8.Be3 
a6 9.f4 d5 10.e5 Nd7 11.O-O Bc5 12.Kh1 Qc7 13.Rf3 b5 14.Nxc6 Qxc6 15.Bd3 
Bxe3 16.Rxe3 Nc5 17.Ne2 Nxd3 18.Qxd3 Bb7 19.Nd4 Qc4 20.Qd2 Qc5 21.Rg3 Bc8 
22.f5 f6 23.exf6 Rxf6 24.Re1 e5 25.Rxe5 Bd7 26.h3 Raf8 27.Qe3 Qd6 28.Rf3 
Kh8 29.b4 h6 30.c3 Rc8 31.Ne2 Rcf8 32.Ng3 R6f7 33.Qd4 Bc6 34.Re6 Qd7 35.
Rxh6+ Kg8 36.Rg6 Rf6 37.Rxf6 Rxf6 38.Nh5 Rh6 39.f6 1-0

[Event "25th Hoogeveen op"]
[Site "Hoogeveen NED"]
[Date "2022.10.17"]
[Round "3.12"]
[White "Arabi, Osama"]
[Black "Fernandez, Daniel Howard"]
[Result "0-1"]
[WhiteElo "2117"]
[BlackElo "2476"]
[EventDate "2022.10.15"]
[PlyCount "94"]

1.d4 e6 2.c4 Bb4+ 3.Bd2 Qe7 4.a3 Bxd2+ 5.Qxd2 b6 6.Nc3 f5 7.Nf3 Nf6 8.g3 
Nc6 9.Bg2 Na5 10.Ne5 Rb8 11.Qc2 c5 12.O-O cxd4 13.Nb5 d6 14.Nc6 Nxc6 15.
Bxc6+ Bd7 16.Nxd4 g6 17.Qd3 a6 18.Rfd1 e5 19.Bxd7+ Kxd7 20.Nc2 h5 21.Nb4 
a5 22.Nd5 Nxd5 23.Qxd5 Qe6 24.Qb5+ Ke7 25.Rd5 h4 26.Rad1 hxg3 27.fxg3 Rhd8
28.Qb3 g5 29.Rb5 f4 30.Rxb6 Rxb6 31.Qxb6 Qxc4 32.Rd3 a4 33.Kf2 g4 34.Qb7+ 
Rd7 35.Qa8 e4 36.Qd5 e3+ 37.Kg2 Qxd5+ 38.Rxd5 Rb7 39.gxf4 Rxb2 40.Kg3 Rd2 
41.Ra5 Rxe2 42.Rxa4 d5 43.Rd4 Rd2 44.Rb4 d4 45.Rb5 e2 46.Kf2 d3 47.Rb1 Rd1
0-1

[Event "25th Hoogeveen op"]
[Site "Hoogeveen NED"]
[Date "2022.10.17"]
[Round "3.13"]
[White "Kulkarni, Bhakti"]
[Black "Slagboom, Leandro"]
[Result "1-0"]
[WhiteElo "2376"]
[BlackElo "2117"]
[EventDate "2022.10.15"]
[PlyCount "81"]

1.Nf3 d5 2.e3 Nf6 3.c4 c5 4.d4 e6 5.cxd5 Nxd5 6.Nc3 Nc6 7.e4 Nxc3 8.bxc3 
cxd4 9.cxd4 Bb4+ 10.Bd2 O-O 11.Bxb4 Nxb4 12.Qd2 Qd6 13.Bc4 b6 14.Rb1 Nc6 
15.O-O Bb7 16.e5 Qd7 17.Bd3 Rfd8 18.Rbd1 Ne7 19.Nh4 Nc6 20.Nf3 Ne7 21.Nh4 
Rac8 22.Rfe1 Ng6 23.Nxg6 hxg6 24.Be4 Bxe4 25.Rxe4 Qa4 26.h4 Rd5 27.Qe2 Rc2
28.Rd2 Rc1+ 29.Kh2 Qb4 30.Rd3 Qb1 31.Kg3 Rc2 32.Qf3 Rxa2 33.Rf4 Rd7 34.
Qa8+ Kh7 35.Rdf3 Qd1 36.Qe8 Qa4 37.d5 Qb5 38.dxe6 fxe6 39.h5 Qxe5 40.hxg6+
Kh6 41.Qxd7 1-0

[Event "25th Hoogeveen op"]
[Site "Hoogeveen NED"]
[Date "2022.10.17"]
[Round "3.14"]
[White "Fuhrmann, Bahne"]
[Black "Van den Berg, Bram"]
[Result "1/2-1/2"]
[WhiteElo "2063"]
[BlackElo "2190"]
[EventDate "2022.10.15"]
[PlyCount "54"]

1.d4 d5 2.c4 c6 3.Nf3 dxc4 4.e3 Be6 5.Ne5 Nd7 6.Nxc4 b5 7.Ncd2 Nb6 8.Bd3 
Nf6 9.Nc3 Qc7 10.b3 Rd8 11.Bb2 b4 12.Nce4 Nxe4 13.Nxe4 Bc8 14.Rc1 e6 15.
Qe2 Bb7 16.O-O Nd5 17.Rc2 f5 18.Nc5 Bxc5 19.dxc5 O-O 20.f4 Qa5 21.Rfc1 Rf7
22.Be5 Rfd7 23.Bd6 Nc3 24.Qf1 Bc8 25.Bc4 Re8 26.a4 Ne4 27.Rd1 Qd8 1/2-1/2

[Event "25th Hoogeveen op"]
[Site "Hoogeveen NED"]
[Date "2022.10.17"]
[Round "3.15"]
[White "Reulink, Fred"]
[Black "Duchene, Rene"]
[Result "1/2-1/2"]
[WhiteElo "1983"]
[BlackElo "2170"]
[EventDate "2022.10.15"]
[PlyCount "30"]

1.c4 g6 2.g3 Bg7 3.Bg2 c5 4.Nf3 Nc6 5.O-O d6 6.Nc3 Nf6 7.d4 cxd4 8.Nxd4 
Bd7 9.Nxc6 Bxc6 10.Bxc6+ bxc6 11.Qc2 O-O 12.b3 d5 13.Rd1 Qa5 14.Rb1 dxc4 
15.bxc4 Rfd8 1/2-1/2

[Event "25th Hoogeveen op"]
[Site "Hoogeveen NED"]
[Date "2022.10.17"]
[Round "3.16"]
[White "Hoffman, Ron"]
[Black "Janse, Jan Jaap"]
[Result "1-0"]
[WhiteElo "1988"]
[BlackElo "2159"]
[EventDate "2022.10.15"]
[PlyCount "133"]

1.d4 d5 2.Bf4 c5 3.e4 Nc6 4.exd5 Qxd5 5.Nc3 Qxd4 6.Nd5 e5 7.Nc7+ Kd8 8.
Nxa8 exf4 9.Nf3 Qxd1+ 10.Rxd1+ Bd7 11.Bb5 Nf6 12.Bxc6 bxc6 13.Ne5 Kc8 14.
Nxf7 Rg8 15.Ne5 Be8 16.O-O Kb7 17.Rfe1 Bh5 18.Rd8 Be7 19.Rxg8 Nxg8 20.Nc4 
Kxa8 21.Na5 Be8 22.h4 Bd7 23.Re4 Bd6 24.Nc4 Bc7 25.f3 Kb7 26.c3 Kc8 27.Nd2
Kd8 28.Ra4 a5 29.Nc4 Ne7 30.Nxa5 Nf5 31.Nb7+ Ke7 32.Re4+ Kf6 33.Nxc5 Bc8 
34.b4 Nxh4 35.a4 Bf5 36.Re8 Ng6 37.a5 Ne7 38.a6 Bb6 39.Rb8 Nc8 40.Kh2 g5 
41.Ne4+ Ke5 42.c4 Ba7 43.Ra8 g4 44.c5 Kd5 45.Nd6 Nxd6 46.cxd6 g3+ 47.Kh1 
Be3 48.a7 Bd7 49.Rd8 Bxa7 50.Rxd7 Bb8 51.Rxh7 Bxd6 52.Rd7 Ke5 53.Rb7 Kd5 
54.Kg1 Kc4 55.Rb6 Bxb4 56.Rxc6+ Kd3 57.Kf1 Bc3 58.Rc8 Ba5 59.Rf8 Bd2 60.
Re8 Bc3 61.Re4 Bd2 62.Ra4 Bc1 63.Ke1 Ke3 64.Kd1 Bb2 65.Re4+ Kd3 66.Rxf4 
Bd4 67.Rxd4+ 1-0

[Event "25th Hoogeveen op"]
[Site "Hoogeveen NED"]
[Date "2022.10.17"]
[Round "3.17"]
[White "Beerdsen, Thomas"]
[Black "Labruyere, Roger"]
[Result "1-0"]
[WhiteElo "2521"]
[BlackElo "2063"]
[EventDate "2022.10.15"]
[PlyCount "85"]

1.e4 e5 2.Nf3 Nf6 3.Nxe5 d6 4.Nf3 Nxe4 5.Nc3 Nxc3 6.dxc3 Be7 7.Be3 O-O 8.
Qd2 Nd7 9.O-O-O c6 10.Kb1 d5 11.Bd3 Nf6 12.h3 Qc7 13.Rhe1 Be6 14.Bg5 c5 
15.Nh4 Rfe8 16.Bf5 Qc6 17.g4 Ne4 18.Bxe4 Bxg5 19.Bxh7+ Kxh7 20.Qxg5 d4 21.
Nf5 Bxf5 22.Qxf5+ Kg8 23.cxd4 cxd4 24.a3 Rxe1 25.Rxe1 g6 26.Qe4 Qb6 27.f4 
Rd8 28.Rd1 Qc6 29.Qxc6 bxc6 30.b4 Kg7 31.Kb2 Kf6 32.Kb3 g5 33.fxg5+ Kxg5 
34.Kc4 Kh4 35.Rd3 Re8 36.Kxd4 Rd8+ 37.Kc5 Rxd3 38.cxd3 Kxh3 39.g5 Kg4 40.
Kxc6 Kxg5 41.d4 Kf6 42.d5 Ke7 43.Kc7 1-0

[Event "25th Hoogeveen op"]
[Site "Hoogeveen NED"]
[Date "2022.10.17"]
[Round "3.18"]
[White "Mueer, Sebastian"]
[Black "Van de Poel, Taco"]
[Result "1-0"]
[WhiteElo "2177"]
[BlackElo "1881"]
[EventDate "2022.10.15"]
[PlyCount "41"]

1.e4 c5 2.Nf3 d6 3.d4 cxd4 4.Nxd4 Nf6 5.Nc3 Nc6 6.f3 e5 7.Nb3 Be6 8.Be3 
Be7 9.Qe2 a5 10.O-O-O a4 11.Nc5 a3 12.b3 Bc8 13.N5a4 O-O 14.Bb6 Qe8 15.Nb5
Rxa4 16.bxa4 Nb4 17.Qc4 d5 18.exd5 Nfxd5 19.Rxd5 Be6 20.Nc7 Bxd5 21.Nxd5 
1-0